000 00935nam a22003377a 4500
005 20250626163740.0
008 191119b2015 xxu||||| |||| 00| 0 spa d
020 _a9789587410518
041 _aESP
082 _a614.15 A715p
100 _aAristizábal Diazgranados, Edith
_956913
100 _aAmar Amar, José
_956914
245 _aPsicología forense: estudio de la mente criminal
260 _aColombia
260 _bUniversidad del Norte
260 _c2015
300 _a191 páginas
490 _aInvestigación Criminal
650 _aPSICOLOGÍA FORENSE
650 _aCONDUCTA CRIMINAL
650 _aVICTIMOLOGÍA
650 _aCULPABILIDAD
650 _aPULSIONES AGRESIVAS
650 _aIMPULSOS AGRESIVOS
650 _aACTOS CRIMINALES
650 _aPSICOANÁLISIS
650 _aPERVERSIÓN
650 _aPERFIL PSICOSOCIAL
650 _aDELITOS CONTRA LA SEGURIDAD PÚBLICA
942 _cBK
_2ddc
999 _c12493
_d12493